000 00275nam a2200121Ia 4500
008 190216s9999||||xx |||||||||||||| ||und||
100 _aManohara Varma M R
245 0 _aMounangal
260 _bPoorna Pubs Kozhikode
_c1995
300 _a195p
650 _aNovel
942 _cBK
999 _c27424
_d27424